Αθηνά Παπαδάτου = Athena Papadatou.
Αποθηκεύτηκε σε:
| Κύριος συγγραφέας: | |
|---|---|
| Μορφή: | Βιβλίο |
| Γλώσσα: | Greek English |
| Δημοσίευση: |
Αθήνα :
Φωτογραφικός Κύκλος,
2016.
|
| Σειρά: | Νέα μικρή σειρά
|
| Θέματα: | |
| Ετικέτες: |
Προσθήκη ετικέτας
Δεν υπάρχουν, Καταχωρήστε ετικέτα πρώτοι!
|
MARC
| LEADER | 00000nam a2200000 a 4500 | ||
|---|---|---|---|
| 001 | 1/127625 | ||
| 008 | 231102s2016####gr | ||| |||| ||gre|| | ||
| 020 | |a 9789607404824 | ||
| 040 | |a GR-MyUa |b gre |c GR-MyUa |e AACR2 | ||
| 041 | 0 | |a gre |a eng | |
| 082 | 7 | |a 779.092 |2 (23) | |
| 100 | 1 | |a Παπαδάτου, Αθηνά. | |
| 245 | 1 | 0 | |a Αθηνά Παπαδάτου = |b Athena Papadatou. |
| 246 | 1 | |i Παράλληλος τίτλος: |a Athena Papadatou | |
| 260 | |a Αθήνα : |b Φωτογραφικός Κύκλος, |c 2016. | ||
| 300 | |a 40 σ. : |b εικ. ; |c 17 εκ. | ||
| 490 | 1 | |a (Νέα μικρή σειρά) | |
| 650 | 0 | |a Photography, Artistic. | |
| 830 | 0 | |a Νέα μικρή σειρά | |
| 852 | |a INST |b SYROS |e 20231101 |h 779.092 ΠΑΠ |p 005500016257 |q 005500016257 |t BK |y 0 | ||
| 970 | |a Κοντού |b Παρασκευή |z 02/11/2023 | ||